Ultimate Diary of a Wimpy Kid Quiz pt.6 Cabin Fever - Statistics

General Stats
  • This quiz has been taken 37 times
  • The average score is 13 of 129
Answer Stats
Hint Answer % Correct
What are the holidays that makes Greg a nervous wreck? Thanksgiving and Christmas
100%
How old is Greg's bully? 5
38%
Who does Greg consider to be the only real bully for the year? Dennis Root
38%
Who is the kid that trips Greg over on the second page? Chirag Gupta
31%
What did this person get for Christmas? Dirt Bike
31%
Who was the neighborhood bully for Greg? Nasty Pants
31%
In one of the pictures on the next page, what does Santa catch Greg doing? Picking his nose
31%
Where does Greg find him one time? The Shower
31%
What is the Christmas present depicted by Greg that his parents used against him? A Helicopter
25%
Who was Greg's Dad's bully? Billy Staples
25%
What type of pet does Greg have in the game? Chihuahua
25%
Where did Greg's family and Rowley go to the next day? Church
25%
Who recieved the nickname of 'Dookie'? Cody Johnson
25%
When he loses this thing, what does he use as a replacement? Grapefruit
25%
What does he (and by he I mean his mum) name it? Gregory's Little Friend
25%
What phrase was Rowley using instead of laughing? LOL
25%
What is the name of the online game that Greg plays? Net Kritterz
25%
What was the reward for the winning team? Pizza Party
25%
What is the name of Santa's totalitarian companion that Greg thinks is watching him? Santa's Scout
25%
What was the name of a sport that Greg and Rowley disagreed on the first letter of? Volleyball
25%
How does this make Greg feel? Annoyed
19%
What was one of the gifts Greg's mum gave to him that he believed once belonged to a relative? Blanket
19%
What did Greg's mum get him for Christmas before she gave birth to Manny? Doll
19%
What was the name of one of Greg's teachers that stood on the chair? Mr Sparks
19%
What video game was Greg trying to make a cardboard cutout copy of? Pac-Man
19%
What is one thing that Rowley likes to do? Skip
19%
When Greg gets home the next day, there is a note on the front door. Who is it from? The Police
19%
When Greg managed to earn $20 for a school fundraiser, what did he get as a reward? Yoyo
19%
Where was Greg's dad staying while this disaster was occuring? A Hotel
13%
What Gift did Greg get him for the party? A Toy Robot
13%
What was it called? Baby Alfrendo
13%
What is the ornament that Manny really likes? Candy Cane
13%
What was Greg once a member of when he was a kid? Cupcake Club
13%
When rumors surrounding the incident circulate at school, who is called up first? Dennis Root
13%
What did the school replace the french fries with? Extreme Sports Stix
13%
What was the name of the relative? Great Uncle Bruce
13%
What was the name of the CD that Greg placed in one of his Christmas presents that he opened early to balance the weight? Headless Asylum
13%
What happened to it really quickly? It Broke
13%
What happened to the Heffley family dog while it was at Grammas place? It got fat
13%
Who does Greg think should be on the naughty list? Jared Pindle
13%
What is the name of the author? Kenny Centazzo
13%
Whose fault was that? Manny
13%
What does Greg ask for from the tree? Money
13%
After they went to church for Christmas, what did he find on the kitchen table? Newspaper
13%
Did he get to do the job? No
13%
What phrase did Greg use that Rowley misinterpreted? Peace be with you
13%
What did Rowley think he was saying? Peas be with you
13%
What is the name of the book that Greg wants to sell? Tower of Druids
13%
Did he manage to find a job? Yes
13%
What did Greg rediscover in the basement? Alfrendo
6%
What was this thing? Balance Beam
6%
What did one of Bryce's goons buy with his share of money? BB Gun
6%
Why did he recieve this nickname? Because he stepped in dog poop
6%
Why did they do this? Because the students became hyperactive
6%
What did Rowley think it was called? Bollyball
6%
What did Rowley get as a reward for selling $150 worth of beans? Chinese finger trap
6%
Before Thanksgiving break at Greg's school, they had a competition. What did they have to do? Come up with an Anti-Bullying slogan
6%
Who did Greg accidentally go to a his party a week early? Dean Delarosa
6%
What is the name of the chicken drumsticks that Greg finds delicious? Drummies
6%
What was the name of a game that the school banned? Freeze Tag
6%
What was the name of the childrens book Greg wrote as a child? Geoffrey the Dinosaur
6%
What was this plagiarizing? Geoffrey the Gorilla
6%
What happened to him? He Broke his collarbone
6%
What game did Rowley suggest they play? Hide and Seek
6%
What does Greg's mum get Greg to make for Manny's lunch? Hot Dogs
6%
When Greg and Rowley tried placing posters up for his holiday initiative, what happened next? It began to rain
6%
Whose fault was that? Manny
6%
Who is the neigbor that Greg also avoids because his father mocked this person's teeth? Mr Alexander
6%
Who is yet another neigbor Greg avoids because he snitched on him for an accidental (maybe) toilet encounter? Mr Harkin
6%
Who is the neighbor that Greg avoids because of her excessive affection? Mrs Durocher
6%
What did Manny use in an attempt to replicate Greg's trick? Mums Glasses
6%
Did this work? No
6%
Was this a good idea? No
6%
What did they replace the Chocolate Chip cookies with? Oatmeal Raisin Cookies
6%
Who was one of the sponsors that Greg managed to get? Papa Tony
6%
What buisness did he own? Pizzeria
6%
What was the drink they prohibited at school? Rowdy Riot
6%
What were they? Sliced Carrots
6%
What was the award that Greg won? Student of the week
6%
What was the name of the first comic that he put in this? T.G.I.F
6%
When Greg went to the comic store to sell his book what did he find out? The autograph was a fake
6%
What did the school take out of the yard today? The last piece of Playground Equipment
6%
How much money did they make from this venture? $300
0%
How long was he able to pretend? 3 months
0%
How much does he think it is worth as a result? $40
0%
What happens on the day that Greg thinks the Police will arrest him? A Blizzard
0%
What was Greg running during the summer holidays? A Holiday Bazaar
0%
What was in it? An Article about how Greg shoveled some snow for the homeless
0%
What did Bryce Anderson and his goons once do that Greg wants to replicate? A Neigborhood Restaurant
0%
What did Greg setup as a means of promoting his venture? A Newspaper
0%
Why did Papa Tony pull out of the sponsorship? Because Greg wrote an article critical of Papa Tony's Pizzeria
0%
Why does he want to sell it? Because it is autographed by the author
0%
Why did he do that? Because nobody taught him how to tie his shoes
0%
In what percentile did Greg's school perform? Bottom 10%
0%
This in turn did what? Caused the posters to bleed Green dye
0%
What did Greg do to prove to his PE teacher that he did his homework? Drew a 6 pack on himself
0%
Where did the family go to instead of Church? Folk Service
0%
Because the Heffley Family is trapped, what do they begin to run out of? Food
0%
What does Greg find in order to keep his energy levels up and to not starve? Giant Gobstopper
0%
What is one thing Gregs church does each year? Giving Tree
0%
What was Greg forced to share with Rodrick? His Bedroom
0%
What was the one memory that Greg was glad was destroyed? His Bed Wetting Calander
0%
What did this reward ruin? His Dad's new car
0%
What had happened? His mum signed it
0%
Using what? His Mum's Mascara
0%
Where were all the Christmas presents? In garbage bags
0%
What Happened to the electricity? It cut out
0%
When Greg went down to wake Rodrick the next day, what did he discover had happened to the basement the previous night? It Flooded
0%
Until? It rotted
0%
What happened when he almost finished the job? It Snowed
0%
What did Greg and Rodrick accidentaly break with a soccer ball? Lamp
0%
What happened to end Greg's virtual pet addiction? Manny changed the password
0%
Who did Greg go to first to do a job? Mrs Melcher
0%
What has Manny done this to aswell? Parental Lock on the TV
0%
What happened in the end? Rowley anonymously tipped them off
0%
What job was Greg doing to raise funds for his virtual pet addiction? Shoveling snow
0%
What did he do insted? Talk to her
0%
What happened as a result? The Chair Broke and he fell
0%
What was the name of a Magic Trick Greg showed Manny? The Hole In The Table Trick
0%
What did he call it? The Neighborhood Tattler
0%
What was the name of the movie the school watched to promote a healthy lifestyle? The Nutritionauts vs The Greasy Grimelicks
0%
What is the name of an annual test that measures fitness? The Presidential Fitness Test
0%
What was one of the means that teachers used to counter bullying originally? The Tell A Teacher station
0%
Where does he ask for it to be put? Under the Recycling Bin behind the church
0%
What did he try do to rectify this problem? Use a Mower
0%
What does Greg's mum expect him to do this Christmas? Use his own money to buy gifts
0%
What was one of the means that the school raised funds? Walkathon
0%
What did he do for the final time? Water the driveway
0%
What is the name of the spray that was originally intended to repel the dog, but instead is being used by Manny on his food? Yuck! Bitter Apple Spray
0%
No matching quizzes found
Score Distribution
Percent of People with Each Score
Percentile by Number Answered
Your Score History
You have not taken this quiz